Análisis modal de fallos y efectos para evaluar los factores que regulan la eficiencia del proceso de producción de varilla de acero corrugado / (Registro nro. 2460)

Detalles MARC
000 -LEADER
campo de control de longitud fija 02103nam a22003737a 4500
001 - NÚMERO DE CONTROL
campo de control 42835
003 - IDENTIFICADOR DE NÚMERO DE CONTROL
campo de control gtgccic
005 - FECHA Y HORA DE LA ÚLTIMA TRANSACCIÓN
campo de control 20251028123427.0
007 - CAMPO FIJO DE DESCRIPCIÓN FÍSICA--INFORMACIÓN GENERAL
campo de control de longitud fija ta
008 - DATOS DE LONGITUD FIJA--INFORMACIÓN GENERAL
campo de control de longitud fija 251028b gt ||||| |||| 00| 0 spa d
040 ## - FUENTE DE CATALOGACIÓN
Centro catalogador/agencia de origen gtgccic
Lengua de catalogación spa
Centro/agencia transcriptor gtgccic
Normas de descripción rda
084 ## - OTRO NÚMERO DE CLASIFICACIÓN
Número de control del registro de autoridad o número normalizado TPI-15-0090
100 10 - ENTRADA PRINCIPAL--NOMBRE DE PERSONA
Nombre de persona Jonatan Benjamín Solares Salazar
Fechas asociadas al nombre Ingeniero Mecánico
Término indicativo de función/relación autor
245 10 - MENCIÓN DEL TÍTULO
Título Análisis modal de fallos y efectos para evaluar los factores que regulan la eficiencia del proceso de producción de varilla de acero corrugado /
Mención de responsabilidad, etc. Solares Salazar, Jonatan Benjamín
264 #1 - PRODUCCIÓN, PUBLICACIÓN, DISTRIBUCIÓN, FABRICACIÓN Y COPYRIGHT
Producción, publicación, distribución, fabricación y copyright Guatemala, Guatemala :
Nombre del de productor, editor, distribuidor, fabricante USAC, Facultad de Ingeniería ;
Fecha de producción, publicación, distribución, fabricación o copyright 2015.-
300 ## - DESCRIPCIÓN FÍSICA
Extensión xxxvii, 124 p. :
Otras características físicas il. ;
Dimensiones 27 cm
336 ## - TIPO DE CONTENIDO
Fuente rdacontenido
Término de tipo de contenido Texto
Código de tipo de contenido txt
337 ## - TIPO DE MEDIO
Fuente rdamedio
Nombre/término del tipo de medio sin mediación
Código del tipo de medio n
338 ## - TIPO DE SOPORTE
Fuente rdasoporte
Nombre/término del tipo de soporte volumen
Código del tipo de soporte nc
502 ## - NOTA DE TESIS
Nota de tesis Tesis Postgrado
Tipo de título MAESTRO EN GESTIÓN INDUSTRIAL
Nombre de la institución que otorga el título USAC, Facultad de Ingeniería, Escuela de Postgrado
Año de obtención del título 2015
Identificador de la tesis TPI-15-0090
504 ## - NOTA DE BIBLIOGRAFÍA, ETC.
Nota de bibliografía, etc. Nota Bibliografía pag. 107
505 ## - NOTA DE CONTENIDO CON FORMATO
Título 1. MARCO TEÓRICO
505 ## - NOTA DE CONTENIDO CON FORMATO
Título 2. MARCO METODOLÓGICO
505 ## - NOTA DE CONTENIDO CON FORMATO
Título 3. RECURSOS NECESARIOS
505 ## - NOTA DE CONTENIDO CON FORMATO
Título 4. RESULTADOS
505 ## - NOTA DE CONTENIDO CON FORMATO
Título 5. DISCUSIÓN DE RESULTADOS
520 #3 - RESUMEN, ETC.
Sumario, etc. Entre las investigaciones consultadas sobre el proceso de laminación para la fabricación de varilla de acero corrugado y el análisis de procesos, se presentan las que ayudan al desarrollo y comprensión del tema. En conjunto aportan los conocimientos clave para alcanzar un alto grado de entendimiento de cómo lograr los objetivos planeados. En las normas se establecen tanto las propiedades físicas que deben llenar los aceros, como las características químicas que coadyuvan al logro de tales propiedades. Uno de los aspectos más importantes que contribuye al logro de las características físicas señaladas, la constituye el proceso de laminación a que se sosmete el acero, para conseguir un producto final de óptimas condiciones.
650 ## - PUNTO DE ACCESO ADICIONAL DE MATERIA--TÉRMINO DE MATERIA
Término de materia o nombre geográfico como elemento de entrada PRODUCCIÓN
650 ## - PUNTO DE ACCESO ADICIONAL DE MATERIA--TÉRMINO DE MATERIA
Término de materia o nombre geográfico como elemento de entrada EFICIENCIA
650 ## - PUNTO DE ACCESO ADICIONAL DE MATERIA--TÉRMINO DE MATERIA
Término de materia o nombre geográfico como elemento de entrada ACERO
700 ## - ENTRADA AGREGADA--NOMBRE PERSONAL
Nombre de persona Dr. Sc. Ing. Roberto A. Aguilar Rivas
Término indicativo de función/relación asesor
942 ## - ELEMENTOS DE ENTRADA SECUNDARIOS (KOHA)
Fuente de la clasificación o esquema de estantería Clasificación Decimal Dewey
Tipo de ítem Koha TESISPOSTGRADO
945 ## - PROCESAMIENTO DE INFORMACIÓN LOCAL (OCLC)
a amlo
Existencias
Estatus retirado Estado de pérdida Fuente de la clasificación o esquema de estantería Estado de daño No para préstamo Biblioteca de origen Biblioteca actual Fecha de adquisición Número de inventario Total de préstamos Signatura topográfica completa Código de barras Visto por última vez Precio de reemplazo Tipo de ítem Koha Nota pública
    Clasificación Decimal Dewey     CENTRO DE INFORMACIÓN A LA CONSTRUCCIÓN-CICON CENTRO DE INFORMACIÓN A LA CONSTRUCCIÓN-CICON 28/10/2025 P20150090   TPI-15-0090 20150090 28/10/2025 28/10/2025 TESISPOSTGRADO disponible